La promoción del desarrollo integral: un desafío del siglo XXI para América Latina

保存先:
書誌詳細
第一著者: Cheyre Espinosa, Juan Emilio (著者)
フォーマット: 図書
言語:スペイン語
出版事項: Santiago Centro UC Estudios Internacionales 2015
版:1a. ed
主題:
タグ: タグ追加
タグなし, このレコードへの初めてのタグを付けませんか!

MARC

LEADER 00000cam a2200000 a 4500
001 UCD1323
003 CL-VaPUC
008 160303e20150000cl |||||||||||||||||spa|d
020 |a 9789569058158 
082 0 4 |a 900.033  |b CHE  |2 21 
100 0 |a Cheyre Espinosa, Juan Emilio  |e author  |9 584429 
245 1 3 |a La promoción del desarrollo integral: un desafío del siglo XXI para América Latina 
250 |a 1a. ed 
300 |a 283 p 
942 |c BK 
945 |d 20160303 03:41:00  |a dcastane 
260 |a Santiago  |b Centro UC Estudios Internacionales  |c 2015 
650 0 |a Historia de América Latina   |9 421031 
650 0 |a Desarrollo económico y social   |9 256320 
650 0 |a Países en desarrollo  |9 259663 
583 |a last modification  |c 20160303 03:41:00  |k Rodrigo Vera 
999 |c 362684  |d 362682 
952 |0 0  |1 0  |3 erb  |4 0  |6 900_033000000000000_CHE_2015  |7 0  |8 A  |9 474103  |a BIBGIM  |b BIBGIM  |i 526376K  |o 900.033 CHE 2015  |p 526376K  |r 2025-01-15  |w 2019-11-24  |y BK  |z Catalogado en:20160303  |k SSL